Largest Cities by English Region - Statistics

General Stats
  • This quiz has been taken 25 times
  • The average score is 23 of 45
Answer Stats
Region Population Answer % Correct
470,411 Manchester
100%
West Midlands 1,121,408 Birmingham
94%
East Midlands 406,588 Leicester
94%
North West England 506,552 Liverpool
94%
North East England 286,468 Newcastle upon Tyne
94%
South East England 277,106 Brighton and Hove
88%
South West England 425,232 Bristol
88%
152,725 Cambridge
88%
Yorkshire and the Humber 536,321 Leeds
88%
299,797 Nottingham
88%
500,552 Sheffield
88%
249,604 Southampton
81%
344,322 Coventry
75%
333,931 Kingston upon Hull
75%
200,752 Norwich
75%
266,983 Plymouth
75%
223,312 Portsmouth
75%
275,599 Derby
69%
141,692 York
69%
149,056 Blackpool
63%
196,445 Bournemouth
63%
203,808 Reading
63%
168,277 Sunderland
63%
148,219 Middlesbrough
56%
260,602 Stoke-on-Trent
56%
234,015 Wolverhampton
50%
East of England 233,498 Luton
44%
243,511 Northampton
38%
182,287 Southend-on-Sea
38%
104,565 Lincoln
31%
184,073 Bolton
25%
115,316 Gateshead
25%
190,584 Peterborough
25%
183,638 Swindon
25%
93,037 Darlington
19%
270,806 Huddersfield
19%
405,050 Barnet
13%
197,354 Milton Keynes
13%
Greater London 409,342 Croydon
6%
160,260 Kingswood
6%
174,954 Warrington
6%
352,976 Brent
0%
385,985 Ealing
0%
374,523 Newham
0%
156,896 Telford
0%
No matching quizzes found
Score Distribution
Percent of People with Each Score
Percentile by Number Answered
Your Score History
You have not taken this quiz